• Durante, Graziella

di Personal Name

Records bibliografici associati: 1

001 - CONTROL NUMBER

  • control field: 59082

003 - CONTROL NUMBER IDENTIFIER

  • control field:

005 - DATE AND TIME OF LATEST TRANSACTION

  • control field: 20220223095547.0

008 - FIXED-LENGTH DATA ELEMENTS

  • fixed length control field: 220223|| aca||aabn | a|a d

040 ## - CATALOGING SOURCE

  • Original cataloging agency:
  • Transcribing agency:

100 ## - HEADING--PERSONAL NAME

  • Personal name: Durante, Graziella

670 ## - SOURCE DATA FOUND

  • Source citation: Work cat.: ()0: Nancy, Jean-Luc. 1940 autore 59079, Essere singolare plurale., 2001 e 2020
CREDITS: SOCIETA' SAN PAOLO Via A.Severo, 58 - ROMA (RM) & PERIODICI SAN PAOLO SRL Via Giotto, 36 MILANO & CISF Via Giotto, 36 MILANO & EDIZIONI SAN PAOLO SRL,  Piazza Soncino, 5 CINISELLO BALSAMO (MI) -- ITALY